Statystyki dla Szachy na planszy (po kolei)

Kliknij tutaj aby rozwiązać quiz!

Ogólne statystyki

  • Ten quiz został rozwiązany 776 razy
  • Średni wynik to 21 z 32

Statystyki odpowiedzi

Piece% Poprawnych
96%
85%
85%
83%
80%
79%
78%
78%
78%
77%
77%
76%
75%
75%
73%
72%
69%
67%
66%
64%
61%
60%
59%
57%
53%
46%
44%
38%
38%
31%
28%
27%

Rozkład punktacji

Percentyl według liczby udzielonych odpowiedzi

Procent ludzi z każdym wynikiem

Twoja historia wyników

Nie rozwiązałeś tego quizu